Disney Characters that Start with A - Statistics

General Stats
  • This quiz has been taken 114 times
  • The average score is 9 of 16
Answer Stats
Picture Answer % Correct
Anna
100%
Aladdin
99%
Ariel
99%
Alice
95%
Abu
93%
Aurora
93%
Anger
89%
Anastasia
69%
Arthur
58%
Archimedes
30%
Abigail
24%
Amelia
18%
Amos Slade
18%
Aladar
16%
Aguste Gusteau
1%
Amose Mouse
1%
No matching quizzes found
Score Distribution
Percent of People with Each Score
Percentile by Number Answered
Your Score History
You have not taken this quiz